000 00445nam a22001697a 4500
999 _c526827
_d526827
003 NUST
020 _qH/B
038 _awaseem
082 _a891.421
_bABD
100 _aAbdul Majeed, Qazi
_917821
245 _aInsha Majeed /
_cQazi Abdul Majeed
260 _aLahore :
_bMaqsood Publishers,
_c2007.
300 _a220 p. ;
880 _6100-01\r
_aمحمد سعید اختر
880 _6245-02\r
_aانشاہِ مجیدی /
942 _2ddc
_cBK